| 000 | 00440nam a2200145 4500 | ||
|---|---|---|---|
| 001 | 108444 | ||
| 003 | ES-MaACL | ||
| 007 | t| | ||
| 008 | 061121s1954 sp r ||||1| spa d | ||
| 100 | 1 |
_aMontero Gutiérrez, Eloy. _982525 |
|
| 245 | 1 | 3 |
_aEl nuevo Concordato español / _cpor el Sr. D. Eloy Montero Gutiérrez. |
| 260 |
_aMadrid : _b[s.n.], _c1954 ( _fImp. Galo Sèz) |
||
| 300 |
_a207 p. ; _c24 cm. |
||
| 852 |
_aES-MaACL _jC-7513 _bR.36295 |
||
| 999 |
_c108444 _d108444 |
||